00933nam a22002417a 450000500170000001000130001702000220003003500130005203700160006504000120008108200160009310000250010924500940013426000370022827000970026530000250036250000490038765000220043665000440045894200250050299900190052795201450054620170124110159.0 aA-680530 c00.00a8171547370 aA-680530 bCen Lib/Ret aDPLbEN a181.41bBAH aBahirat, B.P.935723 aThe philosophy of jnanadeva :cby B.P. Bahiratbas gleaned from the Amṛtānubhava / aBombayb Popular Prakashanc1956 a35-C, Pandit Madan Mohan Malaviya Marg Popular Press Bldg. opp. Roche TardeobBombaye400034 axii,277p. c21cm(Hb) aIncludes bibliographical reference and index aPhilosophy935724 aAmr̥tānubhava (Jñānadeva)935725 2ddccENh181.41mBAH c132783d132783 04104070aLbLd2015-07-23eCen Lib/Retg0.00l0o181.41 BAHpA-680530r2015-07-23 00:00:00t1v0.00w2015-07-23yENzW/d list no. 6806/13